| 000 | 02172nam a22004577a 4500 | ||
|---|---|---|---|
| 003 | CHAP | ||
| 005 | 20220329133757.0 | ||
| 008 | 971013s1984 r 00010 d | ||
| 010 | _a10736 | ||
| 011 | _a11708 | ||
| 035 | _a10947 | ||
| 040 | _cCHAP | ||
| 082 |
_a633.18 _bC2Y |
||
| 100 | 0 | 0 |
_aChandler, Robert F., Jr. _921833 |
| 245 |
_aArroz en los tropicos _b: guia para el desarrollo de programas nacionales |
||
| 260 |
_aSan José, C.R. : _bIICA, _c1984 |
||
| 300 |
_a230 p. _b: ilus. : gráfs |
||
| 490 | _aInvestigación y desarrollo | ||
| 590 |
_aBATCH-UPD _b10 _c20130110 _lUCH01 _h2121 |
||
| 590 |
_aBATCH-UPD _b10 _c20130410 _lUCH01 _h1431 |
||
| 590 |
_aBATCH-UPD _b10 _c20130914 _lUCH01 _h0407 |
||
| 590 |
_aCONVERSION _b10 _c20130109 _lUCH01 _h1307 |
||
| 650 | 1 | 4 |
_aArroz _xTrópicos. _97666 |
| 830 | 0 |
_aInvestigación y desarrollo _960255 |
|
| 901 | _aBK | ||
| 942 | _cLIBRO | ||
| 949 |
_a633.18 C2Y _bBC _cLIBRO _d22997 _eLIBRO _gI.152635 _h68728 _i10947 _si _t5.40 |
||
| 949 |
_a633.18 C2Y _bBC _cLIBRO _d22998 _eLIBRO _fc.2 _gI.152636 _h68729 _i10947 _si _t5.40 |
||
| 949 |
_a633.18 C2Y _bBC _cLIBRO _d22999 _eLIBRO _fc.3 _gI.152637 _h68730 _i10947 _si _t5.40 |
||
| 949 |
_a633.18 C2Y _bBC _cLIBRO _d23000 _eLIBRO _fc.4 _gI.152638 _h68731 _i10947 _si _t5.40 |
||
| 949 |
_a633.18 C2Y _bBC _cLIBRO _d23002 _eLIBRO _fc.6 _gI.152639 _h68732 _i10947 _si _t5.40 |
||
| 949 |
_a633.18 C2Y _bBC _cLIBRO _d23003 _eLIBRO _fc.5 _h68733 _i10947 _si _t5.40 |
||
| 949 |
_a633.18 C2Y _bBC _cLIBRO _d33724000209201 _eLIBRO _gI.152635 _h68728 _i10947 _si _t5.40 |
||
| 949 |
_a633.18 C2Y _bBC _cLIBRO _d33724000209219 _eLIBRO _fc.2 _gI.152636 _h68729 _i10947 _si _t5.40 |
||
| 949 |
_a633.18 C2Y _bBC _cLIBRO _d33724000209227 _eLIBRO _fc.3 _gI.152637 _h68730 _i10947 _si _t5.40 |
||
| 949 |
_a633.18 C2Y _bBC _cLIBRO _d33724000209235 _eLIBRO _fc.4 _gI.152638 _h68731 _i10947 _si _t5.40 |
||
| 949 |
_a633.18 C2Y _bBC _cLIBRO _d33724000209243 _eLIBRO _fc.5 _h68732 _i10947 _si _t5.40 |
||
| 949 |
_a633.18 C2Y _bBC _cLIBRO _d33724000209250 _eLIBRO _fc.6 _gI.152639 _h68733 _i10947 _si _t5.40 |
||
| 949 |
_a633.18 C2Y _bBC _cLIBRO _d33724000209268 _eLIBRO _fc.7 _gI.c/e _h68734 _i10947 _si _t5.40 |
||
| 949 |
_a633.18 C2Y _bBC _cLIBRO _d33724000209276 _eLIBRO _fc.8 _h69281 _i10947 _si _t5.40 |
||
| 999 |
_c10736 _d10736 |
||